| 000 | 00494 a2200193 4500 | ||
|---|---|---|---|
| 005 | 20240520140818.0 | ||
| 010 | _aB-759118 | ||
| 020 |
_a9789354711589 _c450.00 |
||
| 035 | _aB-759118 | ||
| 037 | _bGift | ||
| 082 | _aN | ||
| 100 |
_aPratchett, Rhianna _966469 |
||
| 245 |
_aCrystal of Storm/ _cRhianna Pratchett |
||
| 260 |
_aLondon _bScholastic _c2022 |
||
| 270 |
_aLondon _bLondon |
||
| 300 |
_a445 p. _c20 cm(Pb) |
||
| 942 |
_adpl _cCH _2ddc _hN _mPRA |
||
| 999 |
_c203021 _d203021 |
||